Catálogo
 En Linea

Á la vera del queré : (Registro nro. 34633)

Detalles MARC
000 -CABECERA
campo de control de longitud fija 00788nam a2200193 a 4500
001 - NÚMERO DE CONTROL
campo de control 000035142
005 - FECHA Y HORA DE LA ÚLTIMA TRANSACCIÓN
campo de control 20200930074130.0
008 - DATOS DE LONGITUD FIJA--INFORMACIÓN GENERAL
campo de control de longitud fija 111025s1909 sp 000 0 spa d
040 ## - FUENTE DE LA CATALOGACIÓN
Centro catalogador/agencia de origen DO-SdBNP
Lengua de catalogación spa
Centro/agencia transcriptor BNPHU
082 1# - NÚMERO DE LA CLASIFICACIÓN DECIMAL DEWEY
Número de clasificación xxxx
100 1# - ENTRADA PRINCIPAL--NOMBRE DE PERSONA
Nombre de persona Pérez Fernández, Pedro
Fechas asociadas al nombre (1885-1956.)
9 (RLIN) 60845
245 10 - MENCIÓN DE TÍTULO
Título Á la vera del queré :
Resto del título sainete andaluz en un acto, dividido en dos cuadros /
Mención de responsabilidad, etc. libro de Pedro Pérez Fernández y José Gamero ; música del maestro Alvarez del Castillo.
260 ## - PUBLICACIÓN, DISTRIBUCIÓN, ETC.
Lugar de publicación, distribución, etc. Madrid :
Nombre del editor, distribuidor, etc. Sociedad de Autores Españoles,
Fecha de publicación, distribución, etc. 1909.
300 ## - DESCRIPCIÓN FÍSICA
Extensión 42 p. ;
Dimensiones 21 cm.
500 ## - NOTA GENERAL
Nota general Estreno: Teatro Cómico, 10 de julio de 1909.
700 1# - PUNTO DE ACCESO ADICIONAL--NOMBRE DE PERSONA
Nombre de persona Gamero, José,
Fechas asociadas al nombre (1865-1915)
9 (RLIN) 60846
700 1# - PUNTO DE ACCESO ADICIONAL--NOMBRE DE PERSONA
Nombre de persona Castillo ,Alvarez del Amadeo
9 (RLIN) 60847
700 1# - PUNTO DE ACCESO ADICIONAL--NOMBRE DE PERSONA
Nombre de persona Vives, Amadeo,
Fechas asociadas al nombre (1871-1932),
Término indicativo de función/relación mús.
9 (RLIN) 60848
Existencias
Estado de retiro Estado de pérdida Restricciones de uso No para préstamo Código de colección Localización permanente Ubicación/localización actual Ubicación en estantería Fecha de adquisición Número de inventario Total de préstamos Signatura topográfica completa Código de barras Fecha visto por última vez Precio válido a partir de Tipo de ítem Koha
      Excluido de préstamo Monografías: Libros y Folletos General General Depósito 25.10.2011 LF1   xxxx 35142-10 25.06.2020 25.06.2020 No se presta

Con tecnología Koha